[Event "It (open) \"]
[Site "masterchessopen.com Minsk (Belarus)"]
[Date "2008.07.10"]
[Round "1"]
[White "Maiorov Nikita (BLR)"]
[Black "Viarbitski Dzmitry (BLR)"]
[Result "1-0"]
[WhiteElo "2530"]
[BlackElo "2177"]

1.d4 Nf6 2.c4 g6 3.Nf3 Bg7 4.g3 c6 5.Bg2 d5 6.Nbd2 O-O 7.O-O Bf5 8.b3 Ne4
9.Bb2 Nd7 10.Nh4 Nxd2 11.Qxd2 Nf6 12.Nxf5 gxf5 13.Rac1 Qd7 14.cxd5 cxd5 15.Rc2
Rac8 16.Rfc1 e6 17.Ba3 Rfd8 18.Qa5 b6 19.Qa6 Rxc2 20.Rxc2 Ne8 21.e3 Bf8
22.Bxf8 Kxf8 23.Bf1 Nd6 24.Qa3 Qe7 25.Qc1 Rd7 26.a4 Kg7 27.b4 Kf8 28.a5 Ne8
29.Bb5 Rc7 30.Bxe8 Rxc2 31.Qxc2 Kxe8 32.axb6 axb6 33.Qc6+ Kf8 34.Qxb6 Kg7
35.Qc5 Qg5 36.b5 Qg4 37.Qc2 h5 38.h4 {#r} 1-0

[Event "Cup President (open)"]
[Site "masterchessopen.com Al Ain (United Arab Emirates)"]
[Date "2008.08.29"]
[Round "8"]
[White "Hassan Abdullah (UAE)"]
[Black "Abdul Majeed Mohamad (UAE)"]
[Result "1-0"]
[WhiteElo "2287"]
[BlackElo "2252"]

1.d4 Nf6 2.Nf3 g6 3.c4 Bg7 4.g3 c6 5.Bg2 d5 6.O-O O-O 7.Nbd2 a5 8.b3 a4 9.e3
Ne4 10.cxd5 Nxd2 11.Bxd2 cxd5 12.bxa4 Nc6 13.Bc3 Qd6 14.Qb3 Na5 15.Bxa5 Rxa5
16.Rfc1 Qd7 17.Ne5 Bxe5 18.dxe5 Qxa4 19.Qxa4 Rxa4 20.Bxd5 Ra5 21.Rd1 e6 22.Bb3
Rxe5 23.Rac1 Ra5 24.Rc7 Re8 25.Rdc1 Ra8 26.e4 b5 27.f4 Kg7 28.g4 Rb8 29.e5 h5
30.gxh5 gxh5 31.Kf2 Rf8 32.f5 exf5 33.e6 Kf6 34.exf7 Bb7 35.Re1 Be4 36.Rd1 Rb6
37.Rg1 Rb7 38.Rxb7 Bxb7 39.Rg8 Ke7 40.Ke3 Be4 41.Rg6 Rb8 42.Re6+ Kf8 43.Rh6
Ke7 44.Rxh5 Rd8 45.Rg5 Rd3+ 46.Kf4 Bd5 47.Bxd5 {#r} 1-0

[Event "It (open)"]
[Site "masterchessopen.com Nikea (Greece)"]
[Date "2008.08.30"]
[Round "6"]
[White "Aggelis Nikolaos (GRE)"]
[Black "Tzounakas Vasilios (GRE)"]
[Result "1-0"]
[WhiteElo "2316"]
[BlackElo "1922"]

1.Nf3 g6 2.g3 Bg7 3.d4 Nf6 4.Bg2 O-O 5.O-O d5 6.c4 c6 7.Nbd2 Nbd7 8.b3 Qc7
9.Bb2 Re8 10.Rc1 e6 11.Qc2 Bh6 12.e3 Qd8 13.Rfe1 b6 14.Rcd1 Bb7 15.e4 Nxe4
16.Nxe4 dxe4 17.Qxe4 Bg7 18.Ne5 Rc8 19.Ba3 Qc7 20.h4 Ba8 21.Qf4 Nxe5 22.dxe5
c5 23.Bxa8 Rxa8 24.Bb2 Rad8 25.Rd6 Re7 26.Red1 Red7 27.Qd2 Rxd6 28.exd6 Qd7
29.h5 Bxb2 30.Qxb2 gxh5 31.Qf6 Re8 32.Qg5+ Kh8 33.Qe5+ Kg8 34.Qg5+ Kh8 35.Qf6+
Kg8 36.Kh2 e5 37.Rd5 Re6 38.Qg5+ Kh8 39.Qf5 f6 40.Kh3 Kg7 41.Kh4 Re7 42.Qxh5
Re8 43.Qg4+ Qxg4+ 44.Kxg4 Kf7 45.Kf5 Rd8 46.g4 Rg8 47.d7 Rd8 48.f3 Ke7 49.Rd1
Kf7 50.Rh1 Kg7 51.Ke6 Rf8 52.Rd1 {#r} 1-0

[Event "It (open)"]
[Site "masterchessopen.com Pasadena (USA)"]
[Date "2008.08.30"]
[Round "2"]
[White "Hough Randall D (USA)"]
[Black "Khachiyan Melikset (USA)"]
[Result "0-1"]
[WhiteElo "2000"]
[BlackElo "2508"]

1.d4 Nf6 2.c4 g6 3.g3 c6 4.Bg2 d5 5.Nd2 Bg7 6.Ngf3 O-O 7.O-O Bf5 8.Nh4 Be6
9.b3 a5 10.Bb2 a4 11.e3 Na6 12.Nhf3 Qa5 13.Ne5 a3 14.Bc1 Nd7 15.Nxd7 Bxd7
16.Nf3 Bf5 17.Bd2 Qb6 18.cxd5 cxd5 19.Qe2 Nb4 20.Bxb4 Qxb4 21.Rac1 Rfc8
22.Rfd1 Bd7 23.Qd2 Qxd2 24.Nxd2 e6 25.Nb1 Bf8 26.Nc3 Bb4 27.Ne2 Kf8 28.Rxc8+
Rxc8 29.Rc1 Ke7 30.Rxc8 Bxc8 31.Nf4 Kd6 32.Nd3 Bc3 33.Bf1 f6 34.f4 Bd7 35.Kf2
Be8 36.Ke2 g5 37.Kd1 gxf4 38.gxf4 Bg6 39.Kc1 b6 40.b4 Ke7 41.b5 Bf5 42.Kc2 Bb4
43.Kc1 Bd6 44.h3 Kf7 45.Kd2 Kg6 46.Ke2 Kh5 47.Kf3 Kh4 48.Nc1 Be4+ 49.Kf2 Bb4
50.Nd3 Bc3 51.Nc1 Bf5 52.Kf3 Bd2 53.Nd3 Bg6 54.Ke2 Bc3 55.Kf2 Be8 56.Nc1 Bb2
57.Nb3 Bg6 58.Nd2 Bc3 59.Ke2 Kg3 60.h4 Kxh4 {#R} 0-1

[Event "Ch Europe (juniors) (under 18) (g)"]
[Site "masterchessopen.com Herceg Novi (Montenegro)"]
[Date "2008.09.22"]
[Round "7"]
[White "Zhorzholiani Meri (GEO)"]
[Black "Wierzbicka Wiktoria (POL)"]
[Result "1-0"]
[WhiteElo "2122"]
[BlackElo "2056"]

1.Nf3 d5 2.g3 Nf6 3.Bg2 g6 4.O-O Bg7 5.d4 O-O 6.Nbd2 c6 7.c4 Bf5 8.b3 Nbd7
9.Bb2 Ne4 10.Nh4 Ndf6 11.f3 Nxd2 12.Qxd2 Be6 13.cxd5 cxd5 14.e4 Nd7 15.e5 f6
16.f4 f5 17.Qb4 Nb6 18.Rfc1 a5 19.Qc5 a4 20.Ba3 Kf7 21.Qc7 axb3 22.axb3 Nd7
23.Qxb7 Rb8 24.Qc6 Rb6 25.Qc3 Nb8 26.Bc5 Ra6 27.Bf1 Rxa1 28.Rxa1 Nd7 29.Nf3 h6
30.b4 Qb8 31.b5 Rc8 32.Qb4 Nxc5 33.dxc5 g5 34.Nd4 gxf4 35.gxf4 Rg8 36.Bg2 Bxe5
37.fxe5 Qxe5 38.Re1 Qg7 39.Qd2 Bc8 40.Nc6 e6 41.Ne5+ Ke8 42.c6 Qf8 43.Qf2 f4
44.Kh1 {#r} 1-0

[Event "Ch Bulgaria (team)"]
[Site "masterchessopen.com Borovets (Bulgaria)"]
[Date "2008.10.03"]
[Round "3"]
[White "Tzekov Svetozar (BUL)"]
[Black "Stoinev Metodi (BUL)"]
[Result "0-1"]
[WhiteElo "2217"]
[BlackElo "2309"]

1.d4 d5 2.Nf3 Nf6 3.c4 c6 4.Nbd2 g6 5.g3 Bg7 6.Bg2 O-O 7.O-O Na6 8.b3 Bf5
9.Bb2 Ne4 10.Nh4 Nxd2 11.Qxd2 Be6 12.Rac1 Qd7 13.cxd5 cxd5 14.f4 Bh3 15.f5
Bxf5 16.Nxf5 gxf5 17.Rf3 e6 18.Rfc3 Rfc8 19.e3 Bf8 20.a3 Bd6 21.e4 fxe4
22.Qg5+ Kf8 23.Qh6+ Ke8 24.Qxh7 Rxc3 25.Rxc3 Rc8 26.Qg8+ Bf8 27.Bf1 Nb8
28.Rxc8+ Qxc8 29.a4 a6 30.Ba3 Nd7 31.Bxf8 Nxf8 32.h4 Qc3 33.Qg7 Qe3+ 34.Kg2
Qf3+ 35.Kg1 e3 36.Qe5 Qf2+ {#R} 0-1

[Event "Regionalliga Bayern South-East 2008/09"]
[Site "masterchessopen.com Bayern (Germany)"]
[Date "2008.10.05"]
[Round "1"]
[White "Luft Martin (GER)"]
[Black "Trapp Maximilian (GER)"]
[Result "0-1"]
[WhiteElo "2114"]
[BlackElo "2060"]

1.Nf3 d5 2.g3 Nf6 3.Bg2 g6 4.O-O Bg7 5.d4 O-O 6.c4 c6 7.Nbd2 Nbd7 8.b3 Ne4
9.Bb2 Ndf6 10.e3 Bf5 11.Qe2 e6 12.h3 h5 13.Nh2 Nxd2 14.Qxd2 dxc4 15.bxc4 e5
16.Rfd1 exd4 17.Bxd4 Qe7 18.Qb2 Rfd8 19.Nf1 Ne8 20.Bxg7 Nxg7 21.Rd4 Rd7
22.Rad1 Rad8 23.Rxd7 Rxd7 24.Rxd7 Qxd7 25.h4 b6 26.Nd2 Be6 27.Ne4 Ne8 28.Qe5
c5 29.Qb8 Kg7 30.Qe5+ f6 31.Qb8 Bxc4 32.Bh3 Qe7 33.Nc3 Nd6 34.Bg2 Nf7 35.Bd5
Bxd5 36.Nxd5 Qe5 37.Nc7 c4 38.Qxa7 c3 39.Qxb6 c2 40.Qc6 Qa1+ 41.Kh2 c1=Q
42.Ne6+ Kh6 {#R} 0-1

[Event "World Mindsports Games (Blitz Team w)"]
[Site "masterchessopen.com Beijing (China)"]
[Date "2008.10.13"]
[Round "5"]
[White "Ozturk Kubra (TUR)"]
[Black "Stasiunaite Lina (LTU)"]
[Result "1-0"]
[WhiteElo "2254"]
[BlackElo "2148"]

1.d4 d5 2.Nf3 c6 3.g3 Nf6 4.Bg2 g6 5.c4 Bg7 6.O-O O-O 7.Nbd2 Nbd7 8.b3 e6
9.Bb2 b6 10.Qc2 Bb7 11.Ne5 Nxe5 12.dxe5 Nd7 13.f4 Qc7 14.cxd5 exd5 15.Bxd5 Nc5
16.Bg2 Ne6 17.f5 gxf5 18.Qxf5 c5 19.Ne4 Kh8 20.Nf6 Bxf6 21.Qxf6+ Ng7 22.e6
fxe6 23.Qxf8+ {#r} 1-0

[Event "Ch World (juniors) (under 16) (g)"]
[Site "masterchessopen.com Vung Tau (Vietnam)"]
[Date "2008.10.27"]
[Round "8"]
[White "Chathuri Karunanayake (SRI)"]
[Black "Scholtz Sonja (RSA)"]
[Result "0-1"]
[WhiteElo "1639"]
[BlackElo "1547"]

1.Nf3 Nf6 2.g3 g6 3.Bg2 Bg7 4.O-O O-O 5.d4 c6 6.c4 d5 7.Nbd2 Re8 8.b3 c5 9.Bb2
cxd4 10.Bxd4 Nc6 11.Bb2 e5 12.cxd5 Nxd5 13.Ne1 Be6 14.Rc1 Rc8 15.Nd3 Nd4
16.Nc5 Bg4 17.Bxd4 exd4 18.Nxb7 Rxc1 19.Qxc1 Nc3 20.e3 Ne2+ 21.Kh1 Nxc1
22.Nxd8 Rxd8 23.Rxc1 dxe3 24.Ne4 e2 25.f3 Rd1+ {#R} 0-1

[Event "Olympiad (w)"]
[Site "masterchessopen.com Dresden (Germany)"]
[Date "2008.11.19"]
[Round "6"]
[White "Dedijer Sanja (BIH)"]
[Black "Uusitupa Erika (FIN)"]
[Result "1-0"]
[WhiteElo "2049"]
[BlackElo "1702"]

1.d4 Nf6 2.c4 g6 3.Nf3 Bg7 4.g3 c6 5.Bg2 O-O 6.O-O d5 7.Nbd2 Ne4 8.Qb3 e6
9.Rd1 Qb6 10.Qc2 f5 11.e3 Na6 12.a3 Qd8 13.b4 b5 14.cxb5 cxb5 15.Ne5 Qd6
16.Bb2 Nb8 17.Rac1 Nd7 18.Nd3 Nb6 19.Nc5 Nxd2 20.Qxd2 Nc4 21.Qc2 Bh6 22.Qb3
Bd7 23.Bc3 Nxe3 24.fxe3 Bxe3+ 25.Kh1 Bxc1 26.Rxc1 f4 27.Be1 Bc6 28.Qc3 Rf6
29.gxf4 Qxf4 30.Nd3 Qe3 31.Qxc6 Raf8 32.Bh4 R6f7 33.Ne5 Rf1+ 34.Rxf1 Rxf1+
35.Bxf1 Qe4+ 36.Kg1 Qxd4+ 37.Bf2 Qxe5 38.Qe8+ Kg7 39.Qe7+ Kg8 40.Qd8+ Kg7
41.Qh4 Qf5 42.Bd4+ Kf7 43.Qf2 {#r} 1-0

[Event "Czech League 2008/09 (2nd) (c)"]
[Site "masterchessopen.com Czech Republic"]
[Date "2008.12.07"]
[Round "4"]
[White "Neckar Lubomir (CZE)"]
[Black "Straka Jaroslav (CZE)"]
[Result "0-1"]
[WhiteElo "2337"]
[BlackElo "1863"]

1.Nf3 d5 2.g3 g6 3.Bg2 Bg7 4.d4 Nf6 5.c4 c6 6.Nbd2 O-O 7.O-O Nbd7 8.b3 b6
9.Bb2 Bb7 10.Qc2 Rc8 11.e4 dxe4 12.Nxe4 Nxe4 13.Qxe4 e6 14.Rad1 Ba8 15.Qe2 Qc7
16.Rfe1 Rcd8 17.Ng5 h6 18.Ne4 f5 19.Nd2 Rfe8 20.Nf3 Kh7 21.Bc1 c5 22.Bf4 Qc8
23.dxc5 e5 24.Bc1 e4 25.Nd4 Nxc5 26.Nc2 Nd3 27.Rf1 Nxc1 28.Rxc1 Rd7 29.Rcd1
Red8 30.g4 Bc3 31.gxf5 Rd2 32.Rxd2 Rxd2 33.Qe3 Rxc2 34.fxg6+ Kxg6 35.Rd1 Qg4
36.Rd6+ Kf7 37.Qxh6 e3 38.Qh7+ Bg7 {#R} 0-1

[Event "Ch Region (final)"]
[Site "masterchessopen.com Novosibirsk (Russia)"]
[Date "2008.12.11"]
[Round "7"]
[White "Slugin Alexander (RUS)"]
[Black "Sharkov Maxim (RUS)"]
[Result "1-0"]
[WhiteElo "2104"]
[BlackElo "2098"]

1.d4 Nf6 2.g3 g6 3.Bg2 d5 4.Nf3 Bg7 5.O-O O-O 6.Nbd2 c6 7.c4 Na6 8.a3 Nc7 9.b4
a5 10.Bb2 Bf5 11.Qb3 a4 12.Qa2 Bh6 13.h3 Be6 14.cxd5 cxd5 15.e3 g5 16.Ne5 Nfe8
17.Rac1 f6 18.Nd3 Kh8 19.Nc5 Bc8 20.Ba1 b6 21.Nd3 Ba6 22.Qb1 Qd7 23.Rfe1 Rc8
24.g4 Nb5 25.Rxc8 Qxc8 26.Rc1 Qe6 27.Qa2 Nbc7 28.Qc2 Bb5 29.Nb2 f5 30.Bf3 fxg4
31.Bxg4 Qg6 32.Qxg6 hxg6 33.Nb1 Ba6 34.Nxa4 Rf6 35.e4 dxe4 36.d5 Nxd5 37.Nd2
Bb5 38.Nc3 Nxc3 39.Bxc3 Nd6 40.Re1 Bg7 41.Bxf6 exf6 42.Nxe4 Nxe4 43.Rxe4 f5
44.Re6 fxg4 45.Rxb6 Bd7 46.hxg4 Kh7 47.b5 Bxg4 48.a4 Bd4 49.Rb7+ Kh6 50.a5 Bf3
51.Rd7 Bc5 52.b6 g4 53.Kf1 g3 54.fxg3 Bc6 55.Rc7 Bb5+ 56.Kg2 Bd6 57.Rc8 Ba6
58.Rd8 Be5 59.Kh2 Kg5 60.Ra8 Bb7 61.Re8 Bd6 62.Rd8 Be5 63.Rd7 Ba6 64.Ra7 Bb5
65.Re7 Bd6 66.b7 Kg4 67.Re4+ Kg5 68.Rb4 {#r} 1-0

[Event "Ch Region (final)"]
[Site "masterchessopen.com Novosibirsk (Russia)"]
[Date "2008.12.13"]
[Round "9"]
[White "Ragozin Andrei (RUS)"]
[Black "Makarevich Julia (RUS)"]
[Result "1-0"]
[WhiteElo "2046"]
[BlackElo "1920"]

1.d4 Nf6 2.Nf3 g6 3.g3 Bg7 4.Bg2 O-O 5.O-O d5 6.Nbd2 c6 7.c4 Nbd7 8.b3 e5
9.dxe5 Ng4 10.cxd5 cxd5 11.Bb2 Ngxe5 12.Nxe5 Nxe5 13.Kh1 Re8 14.Nf3 Nc6
15.Bxg7 Kxg7 16.Qd2 Be6 17.Rfd1 Qf6 18.Qg5 Qb2 19.Qd2 Qf6 20.Kg1 Rad8 21.Rac1
d4 22.Qg5 Qxg5 23.Nxg5 Bd5 24.Rd2 h6 25.Bxd5 Rxd5 26.Nf3 g5 27.e3 d3 28.Rc3 g4
29.Ne1 Ne5 30.Kg2 Red8 31.h3 h5 32.f4 gxf3+ 33.Nxf3 f6 34.Nxe5 fxe5 35.e4 Rd4
36.Kf3 Rf8+ 37.Ke3 Rf1 38.Rdxd3 Re1+ 39.Kf3 Rexe4 40.Rxd4 Rxd4 41.Rc7+ Kf6
42.Rxb7 a5 43.a4 Rd3+ 44.Kf2 Kf5 45.b4 axb4 46.Rxb4 Ra3 47.g4+ hxg4 48.hxg4+
Kg5 49.Ke2 Rg3 50.Re4 Kf6 51.Kd2 Ra3 52.Kc2 Kg5 53.Kb2 Rg3 54.a5 Rd3 55.a6 Rd6
56.Rxe5+ Kxg4 57.Ra5 Rb6+ 58.Kc3 Rb8 59.a7 Ra8 60.Kc4 Kf4 61.Kc5 {#r} 1-0

[Event "Ch Lithuania (1/2 final)"]
[Site "masterchessopen.com Vilnius (Lithuania)"]
[Date "2009.02.14"]
[Round "3"]
[White "Kasparavicius Laimutis (LTU)"]
[Black "Isakov Aleksandr (LTU)"]
[Result "1-0"]
[WhiteElo "2154"]
[BlackElo "1884"]

1.d4 Nf6 2.Nf3 g6 3.g3 d5 4.Bg2 Bg7 5.O-O O-O 6.c4 c6 7.Nbd2 Nbd7 8.b3 Re8
9.Bb2 dxc4 10.bxc4 Qc7 11.e4 e5 12.dxe5 Ng4 13.e6 Bxb2 14.Rb1 Bf6 15.exd7 Bxd7
16.c5 Rad8 17.Nc4 Rxe4 18.Nd6 Bc8 19.h3 Nh6 20.Nxe4 Rxd1 21.Nxf6+ Kf8 22.Rbxd1
Qe7 23.Rd6 Nf5 24.Re1 Nxd6 25.Nxh7+ {#r} 1-0

[Event "Ch Hungary (team) 2008/09"]
[Site "masterchessopen.com Hungary"]
[Date "2009.02.22"]
[Round "8"]
[White "Kallai Gabor (HUN)"]
[Black "To Nhat Minh (HUN)"]
[Result "0-1"]
[WhiteElo "2444"]
[BlackElo "2366"]

1.c4 c6 2.d4 d5 3.Nf3 Nf6 4.Nbd2 g6 5.g3 Bg7 6.Bg2 O-O 7.O-O Ne4 8.e3 Bf5
9.Qb3 Qd7 10.Rd1 Na6 11.cxd5 cxd5 12.Nxe4 Bxe4 13.Bd2 Rfc8 14.Rac1 e6 15.Ne1
Bxg2 16.Kxg2 Bf8 17.Nd3 Bd6 18.a4 Kg7 19.Kf1 Rxc1 20.Rxc1 Rc8 21.Rc3 Rxc3
22.Bxc3 h5 23.h4 Qc6 24.Ke2 f6 25.Kd2 Kf7 26.Qa2 Qb6 27.b3 Nb8 28.b4 a6 29.Qb2
Nc6 30.Nc5 Ne7 31.Nd3 Nc8 32.Nc5 Be7 33.Nd3 Nd6 34.Ke2 Qc6 35.Qb3 Nc4 36.Nb2
b5 37.a5 e5 38.dxe5 fxe5 39.Nxc4 bxc4 40.Qb2 Qb5 41.Kd2 d4 42.exd4 exd4
43.Bxd4 Bxb4+ 44.Kc1 Qxa5 {#R} 0-1

[Event "It (open)"]
[Site "masterchessopen.com Bad Woerishofen (Germany)"]
[Date "2009.03.07"]
[Round "3"]
[White "Epishin Vladimir (GER)"]
[Black "Schulze Ulrich (GER)"]
[Result "1-0"]
[WhiteElo "2592"]
[BlackElo "2324"]

1.d4 Nf6 2.Nf3 g6 3.g3 Bg7 4.Bg2 d5 5.O-O c6 6.Nbd2 O-O 7.c4 Ne4 8.e3 Nxd2
9.Nxd2 e6 10.Qc2 Nd7 11.Rd1 b6 12.b4 Bb7 13.Rb1 Rc8 14.a4 Ba8 15.Qa2 Re8
16.Ba3 e5 17.dxe5 Nxe5 18.Bb2 Qe7 19.Bxe5 Qxe5 20.a5 Qe7 21.axb6 axb6 22.cxd5
cxd5 23.Bxd5 Bxd5 24.Qxd5 Red8 25.Qb5 Bc3 26.Nc4 Rxd1+ 27.Rxd1 Qxb4 28.Qxb4
Bxb4 29.Nxb6 Rc2 30.Kg2 Bc5 31.Nd5 h5 32.h3 Kg7 33.g4 hxg4 34.hxg4 Rc4 35.Kf3
Bd6 36.g5 Be5 37.Rb1 Ra4 38.Rb7 Ba1 39.Rd7 Be5 40.Re7 Ba1 41.Kg3 Ra5 42.Rd7
Be5+ 43.f4 Ba1 44.Kf3 Bb2 45.Rd8 Ra7 46.e4 Ra3+ 47.Ke2 Ra4 48.Re8 Bd4 49.e5
Bc5 50.Rc8 Bf8 51.Kf3 Ra3+ 52.Kg4 Ra6 53.Nc7 Rb6 54.Ne8+ {#r} 1-0

[Event "Ch Europe (w)"]
[Site "masterchessopen.com St. Petersburg (Russia)"]
[Date "2009.03.13"]
[Round "6"]
[White "Cedikova Katerina (CZE)"]
[Black "Popova Natalija (BLR)"]
[Result "0-1"]
[WhiteElo "2214"]
[BlackElo "2276"]

1.d4 Nf6 2.g3 g6 3.Bg2 d5 4.Nf3 Bg7 5.O-O O-O 6.c4 c6 7.Nbd2 Bf5 8.b3 Ne4
9.Bb2 Qa5 10.a3 Rd8 11.Rc1 Nd7 12.Nb1 dxc4 13.Rxc4 c5 14.Nh4 b5 15.Rc1 cxd4
16.g4 Bxg4 17.f3 Bh5 18.fxe4 d3 19.Bc3 Qb6+ 20.Rf2 dxe2 21.Qe1 Ne5 22.Ba5
Qxf2+ 23.Qxf2 Rd1+ 24.Be1 Rxc1 25.Nf3 Bxf3 26.Bxf3 Nxf3+ 27.Qxf3 Rxe1+ 28.Kg2
Rxb1 {#R} 0-1

[Event "Tournament (open)"]
[Site "masterchessopen.com Rio de Janeiro (Brazil)"]
[Date "2009.03.21"]
[Round "3"]
[White "Fucs Paulo (BRA)"]
[Black "Bil Angelo (BRA)"]
[Result "0-1"]
[WhiteElo "2209"]
[BlackElo "2197"]

1.Nf3 Nf6 2.g3 d5 3.d4 g6 4.Bg2 Bg7 5.O-O O-O 6.Nbd2 c6 7.c4 Bf5 8.Qb3 Qb6
9.c5 Qc7 10.Ne5 Nfd7 11.Ndf3 Nxe5 12.Nxe5 Nd7 13.Nxd7 Qxd7 14.Be3 Rfe8 15.Rad1
b6 16.Qa3 e5 17.dxe5 Bxe5 18.Rd2 b5 19.b4 a5 20.bxa5 Qa7 21.Bf4 Qxa5 22.Qxa5
Rxa5 23.Bxe5 Rxe5 24.Rc1 Ra4 25.e3 Kf8 26.h3 h5 27.Bf1 Re7 28.Ra1 Ra3 29.Rc1
Rea7 30.f3 Rxa2 31.Rdd1 Rc2 32.g4 hxg4 33.hxg4 Rxc1 34.Rxc1 Be6 35.Kf2 Ra3
36.Be2 Ke7 37.f4 Ra2 38.Ke1 Kd7 39.Kd1 Kc7 40.Rc2 Ra3 41.Kd2 Kb7 42.Rc3 Ra1
43.Kd3 Rg1 44.g5 Rg2 45.Bf1 Rf2 46.Rc1 b4 47.Kd4 Rd2+ 48.Ke5 b3 49.Rb1 b2
50.Bd3 Rxd3 51.Rxb2+ Kc7 52.Re2 Rc3 53.Ra2 Rxc5 54.Ra7+ Kb6 55.Re7 Rc3 56.Kd4
Rc4+ 57.Kd3 c5 58.Re8 Bf5+ 59.Kd2 Ra4 60.Re7 Ra7 61.Re8 Kb5 62.Rb8+ Kc4 63.Rb2
Ra3 64.Ke2 Bg4+ 65.Kf2 d4 66.exd4 Rf3+ 67.Kg2 Kxd4 68.Rd2+ Kc3 69.Ra2 Rxf4
70.Kg3 Rc4 71.Ra1 Be6 72.Kf3 Kd2 73.Ra6 Rd4 74.Ra5 c4 75.Ra2+ Kc3 76.Ra7 Kc2
77.Ke3 Rd5 78.Ke4 c3 79.Ke3 Rd1 80.Ke2 Rd7 81.Ra8 Kb2 82.Rb8+ Bb3 83.Rc8 c2
84.Ke3 c1=Q+ 85.Rxc1 Kxc1 86.Ke4 Rd5 87.Kf4 Kd2 88.Kg4 Ke3 89.Kh4 Rd4+ 90.Kg3
Rf4 91.Kh3 Kf2 92.Kh2 Rh4# 0-1

[Event "Tournament (regional)"]
[Site "masterchessopen.com Colombia"]
[Date "2009.03.22"]
[Round "3"]
[White "Ramirez Jorge Alonso"]
[Black "Matta Paola Andrea (COL)"]
[Result "1-0"]
[WhiteElo "1716"]
[BlackElo "2046"]

1.d4 Nf6 2.Nf3 g6 3.g3 Bg7 4.Bg2 d5 5.O-O O-O 6.Nbd2 c6 7.c4 Nbd7 8.b3 Ne4
9.Nxe4 dxe4 10.Ng5 e5 11.d5 cxd5 12.Qxd5 Nb6 13.Qxd8 Rxd8 14.Nxe4 f5 15.Ng5 e4
16.g4 {#r} 1-0

[Event "Tournament (Elo)"]
[Site "masterchessopen.com Ukhta (Russia)"]
[Date "2009.04.07"]
[Round "8"]
[White "Vasilew Peter (RUS)"]
[Black "Uliashov Dmitriy (RUS)"]
[Result "0-1"]
[WhiteElo "1974"]
[BlackElo "2274"]

1.Nf3 d5 2.g3 Nf6 3.Bg2 c6 4.d4 g6 5.O-O Bg7 6.Nbd2 O-O 7.c4 Bf5 8.Re1 Nbd7
9.Qb3 Qb6 10.Qa3 Ne4 11.e3 e5 12.cxd5 cxd5 13.dxe5 Nxe5 14.Nxe5 Bxe5 15.Nf3
Bd6 16.Qa4 Bb4 17.Rd1 Nc5 {#R} 0-1

[Event "It (juniors) (team)"]
[Site "masterchessopen.com Vrnjacka Banja (Serbia)"]
[Date "2009.04.21"]
[Round "3"]
[White "Nenezic Marko (SRB)"]
[Black "Lukovic Vladimir (SRB)"]
[Result "1-0"]
[WhiteElo "2090"]
[BlackElo "2115"]

1.d4 d5 2.Nf3 Nf6 3.c4 c6 4.g3 g6 5.Bg2 Bg7 6.O-O O-O 7.Nbd2 Nbd7 8.b3 Ne4
9.Bb2 Ndf6 10.Ne5 Nxd2 11.Qxd2 Ng4 12.cxd5 cxd5 13.Nd3 Nf6 14.Rac1 Bf5 15.Rfd1
a5 16.Nc5 b6 17.Nd3 Rc8 18.Ba3 b5 19.Rxc8 Bxc8 20.Ne5 b4 21.Bb2 Qd6 22.Rc1 Bb7
23.Qd3 Ba6 24.Qe3 Rc8 25.Rxc8+ Bxc8 26.Qc1 Bb7 27.Qc5 Qxc5 28.dxc5 e6 29.c6
Bc8 30.Bd4 Ng4 31.f4 Nxe5 32.fxe5 Kf8 33.e3 Ba6 34.Bf1 Bxf1 35.Kxf1 Ke8 36.Ke2
Kd8 37.Bb6+ Kc8 38.Bxa5 Bxe5 39.Bxb4 Kc7 40.Kd3 Kxc6 {#r} 1-0

[Event "Tournament \"]
[Site "masterchessopen.com Warsaw (Poland)"]
[Date "2009.06.06"]
[Round "6"]
[White "Goslawski Michal (POL)"]
[Black "Kozakow Mikolaj (POL)"]
[Result "0-1"]
[WhiteElo "1990"]
[BlackElo "1504"]

1.Nf3 d5 2.g3 c6 3.Bg2 g6 4.d4 Bg7 5.O-O Nf6 6.Nbd2 O-O 7.c4 Nbd7 8.Qc2 Re8
9.e4 e5 10.exd5 cxd5 11.dxe5 Nxe5 12.Nxe5 Rxe5 13.Nf3 Re8 14.Rd1 Qc7 15.c5 Bf5
16.Qa4 Qxc5 17.Be3 Qc6 18.Qa5 b6 19.Qa6 Qc8 20.Qa3 Bf8 21.Qb3 Bc2 22.Qb5 Bxd1
23.Rxd1 Qc4 24.Nd4 Rac8 25.Bh3 Qxb5 26.Nxb5 Rc2 27.Bd4 Ne4 28.Bf1 Rd2 29.Re1
Bg7 30.Bxg7 Kxg7 31.Nc3 Nf6 32.Rb1 Rc8 33.Ba6 Rc7 34.Kf1 d4 35.Ne2 Rcc2 36.b3
Rxa2 37.Bc4 d3 {#R} 0-1

[Event "It (open)"]
[Site "masterchessopen.com Lippstadt (Germany)"]
[Date "2009.06.11"]
[Round "2"]
[White "Gutman Lev (GER)"]
[Black "Krueger Alexander (GER)"]
[Result "1-0"]
[WhiteElo "2459"]
[BlackElo "2015"]

1.Nf3 Nf6 2.g3 g6 3.Bg2 Bg7 4.O-O O-O 5.d4 d5 6.c4 c6 7.Nbd2 Nbd7 8.cxd5 cxd5
9.Nb3 Ne4 10.Bf4 Nb6 11.Nc5 Nxc5 12.dxc5 Nc4 13.b3 Bxa1 14.Qxa1 Na5 15.Bh6 f6
16.Bxf8 Kxf8 17.Rd1 Qc7 18.Qc3 Be6 19.Nd4 Bf7 20.e4 e6 21.exd5 exd5 22.Nb5 Qd8
23.Nd6 Rb8 24.Nxf7 Kxf7 25.Rxd5 Qc7 26.Rd6 {#r} 1-0

[Event "Ch Greece (juniors) (under 16)"]
[Site "masterchessopen.com Kallithea (Greece)"]
[Date "2009.06.28"]
[Round "6"]
[White "Boutsioukis Nikolaos (GRE)"]
[Black "Kaforos Dimitrios-Alkis (GRE)"]
[Result "0-1"]
[WhiteElo "1906"]
[BlackElo "2203"]

1.d4 c6 2.c4 d5 3.Nf3 Nf6 4.Nbd2 g6 5.g3 Bg7 6.Bg2 O-O 7.O-O Ne4 8.cxd5 cxd5
9.Nxe4 dxe4 10.Ne5 Qd5 11.Be3 Bxe5 12.dxe5 Qxe5 13.Bh6 Re8 14.Qa4 Nd7 15.Bxe4
Qxb2 16.Rab1 Qxe2 17.Rfd1 Nf6 18.Qxe8+ Nxe8 19.Rd8 Bd7 20.Rxa8 Qxe4 21.Rb3 f6
22.Rxa7 Bc6 23.f3 Qe1+ 24.Kg2 Qe2+ 25.Kh3 Bxf3 {#R} 0-1

[Event "Cup Greece (final)"]
[Site "masterchessopen.com Halkidiki (Greece)"]
[Date "2009.06.30"]
[Round "1"]
[White "Grigorov Grigor (BUL)"]
[Black "Markidis Konstantinos (GRE)"]
[Result "1-0"]
[WhiteElo "2489"]
[BlackElo "2334"]

1.d4 Nf6 2.c4 g6 3.Nf3 Bg7 4.g3 c6 5.Bg2 d5 6.Nbd2 O-O 7.O-O a5 8.b3 Bf5 9.Bb2
a4 10.Nh4 Bc8 11.Qc2 Qb6 12.e3 Re8 13.Bc3 axb3 14.axb3 Ra6 15.Rfc1 Qd8 16.Qb2
Rxa1 17.Rxa1 Na6 18.Nhf3 c5 19.Ne5 b6 20.Ra4 Bb7 21.Qa1 Qc8 22.cxd5 Nc7
23.dxc5 Nfxd5 24.Bb2 bxc5 25.Ra7 Nb5 26.Ra5 Ndc7 27.Ne4 Nd6 28.Nxc5 Bxg2
29.Kxg2 Nb7 30.Nxb7 Qxb7+ 31.Nf3 Bxb2 32.Qxb2 Rb8 33.Qa3 Nd5 34.Qc5 e6 35.e4
Nf6 36.Ra7 Qc8 37.Qe7 {#r} 1-0

[Event "Ch Greece (juniors) (under 16)"]
[Site "masterchessopen.com Kallithea (Greece)"]
[Date "2009.06.30"]
[Round "8"]
[White "Kosmas-Lekkas Dimitiros (GRE)"]
[Black "Skoulakis Charalambos (GRE)"]
[Result "0-1"]
[WhiteElo "2124"]
[BlackElo "2132"]

1.d4 d5 2.c4 c6 3.Nf3 Nf6 4.Nbd2 g6 5.g3 Bg7 6.Bg2 O-O 7.O-O a5 8.b3 a4 9.Bb2
axb3 10.axb3 Ra6 11.e3 Bf5 12.Qe2 Ne4 13.Nxe4 Bxe4 14.c5 Rxa1 15.Rxa1 Na6
16.Ra4 Qb8 17.b4 Nc7 18.Bf1 f6 19.Nd2 Bc2 20.Ra1 Bf5 21.f3 e5 22.e4 dxe4
23.fxe4 Be6 24.dxe5 fxe5 25.Qe3 h6 26.Nf3 Ne8 27.Bc3 Kh7 28.b5 Bg4 29.Nd2 cxb5
30.Bxb5 Nc7 31.Bc4 Be6 32.Rb1 Qc8 33.Ba5 Bxc4 34.Bxc7 Ba2 35.Rb2 Qxc7 36.Rxa2
Qf7 37.Ra1 Rd8 38.Nf3 Qc4 39.Rc1 Qa6 40.Kg2 Rd3 41.Qf2 Qa3 42.c6 Qxc1 43.cxb7
Qb1 44.Nxe5 Bxe5 45.Qa7 Rd2+ 46.Kh3 Qf1+ {#R} 0-1

[Event "It (open)"]
[Site "masterchessopen.com Hilversum (Netherlands)"]
[Date "2009.07.01"]
[Round "5"]
[White "Nikolic Predrag (BIH)"]
[Black "Krasenkow Michal (POL)"]
[Result "0-1"]
[WhiteElo "2602"]
[BlackElo "2631"]

1.d4 Nf6 2.Nf3 g6 3.g3 Bg7 4.Bg2 d5 5.O-O O-O 6.c4 c6 7.Nbd2 Bf5 8.b3 a5 9.Bb2
b5 10.cxb5 cxb5 11.Ne5 Qb6 12.Rc1 Na6 13.e3 Rac8 14.Qe2 Nb4 15.a3 Na2 16.Ra1
Nc3 17.Bxc3 Rxc3 18.g4 Be6 19.h3 Rfc8 20.Ra2 h5 21.b4 hxg4 22.hxg4 Ne4 23.Bxe4
dxe4 24.Nxe4 Bxe5 25.Nxc3 Rxc3 26.dxe5 Qc6 27.Raa1 Bc4 28.Qd1 Rd3 29.Qc2 Qf3
30.Kh2 Rd8 31.Rad1 Bxf1 {#R} 0-1